Statistics for Every Captain & Tennille song that hit the Billboard hot 100

Click here to take the quiz!

General Stats

  • This quiz has been taken 2 times
  • The average score is 3 of 14

Answer Stats

Peak Chart PositionYearSong% Correct
11980Do That To Me One More Time
100%
11975Love Will Keep Us Together
100%
31976Lonely Night (angel Face)
50%
41976Muskrat Love
50%
131977Can't Stop Dancin'
0%
611977Come In From The Rain
0%
531980Happy Together (A Fantasy)
0%
741978I'm On My Way
0%
551980Love On A Shoestring
0%
491975Por Amor Viviremos
0%
41976Shop Around
0%
41975The Way I Want To Touch You
0%
401979You Need A Woman Tonight
0%
101978You Never Done It Like That
0%

Score Distribution

Percentile by Number Answered

Percent of People with Each Score

Your Score History

You have not taken this quiz